Лекарствена терапия (Запис номер 124037)
[ съкратено ]
| 000 -Лидер | |
|---|---|
| Контролно поле с фиксирана дължина | 02046nam a2200337 c 4500 |
| 003 - Код на организацията, давaща контролен номер | |
| Контролно поле | BLK |
| 005 - Дата и час на последна редакция | |
| Контролно поле | 20180422110959.0 |
| 008 - Елементи от данни с фиксирана дължина | |
| fixed length control field | 180409b bul|||||r ||||||| ||bul|| |
| 010 ## - Наследен системен номер | |
| LC control number | KNG00129700000 |
| 040 ## - Източник на каталожния запис | |
| Идентификатор на билиотеката - собственик на записа | BLK |
| 041 ## - Код за език | |
| Код за езика на текст/звукозапис или на отделно заглавие | Български |
| Код за езика КДБФ | Български |
| 080 ## - УДК | |
| Текстов определител УДК | Клинична фармакология. Прилагане на лекарства - Пътища и методи на въвеждане на лекарства, показания, неоправдан прием на лекарства, увлечение по вземане на лекарства, клинично изучаване на нови |
| УДК код - определител по УДК | 615.03 |
| УДК определител | |
| УДК - код + определител | 615.03 |
| 100 1# - Редна дума - Автор | |
| Автор | Арнаудов, Георги Димитров |
| Авторска отговорност | първи автор |
| R(LIN) | 280587 |
| 139 ## - Редно поле | |
| Редна дума | Арнаудов, Георги Димитров и др. |
| Авторски знак | Арн - А 87 |
| 245 10 - Сведения за заглавието | |
| Заглавие | Лекарствена терапия |
| Редно поле (дума) | Георги Димитров Арнаудов; съавт. Петя Георгиева Арнаудова. |
| 246 11 - Различни форми на заглавието | |
| Паралелно заглавие | Pharmacotherapia |
| 250 ## - Област на изданието | |
| Сведения за изданието | 6. осн. прераб. изд. |
| 257 ## - Страна на издаване | |
| Страна на създаване/издаване | България |
| 260 ## - Област на издателските данни | |
| -- | София |
| Име на издателя, разпространителя и проч. | Медицина и физкултура |
| Година на издаване | 1984 |
| 300 ## - Физическа характеристика | |
| Страници | 976 с. |
| Илюстрации и др. | с табл. |
| Размери/Мащаб | 24 см |
| 380 ## - Жанр | |
| Жанр | Медицина |
| 500 ## - Общи забележки | |
| Забележка | 1. изд. 1942 със загл. Практическа лекарствена терапия. - 26 105 тир. - Библиогр. с. 976. - Азб. указ. на лекарствените средства ; Азб. указ. на синонимите ; Азб. указ. на лекарствените средства по група ; Азб. указ. на лат. наименования на болестите. |
| 650 #4 - Допълнително описание по предмет – тема | |
| Основно описание – тема или топоним | Фармакотерапия |
| 9 (RLIN) | 175157 |
| 653 ## - Ключова дума – ненормативна | |
| Ключова дума | фармакотерапия |
| 700 1# - Други автори (авторска отговорност) | |
| Лично име | Арнаудова, Петя Георгиева |
| Автороска отговорност (Описва отношението между автора и произведението) | съавт. |
| 9 (RLIN) | 370272 |
| 852 ## - Местоположение | |
| Форматна сигнатура | Цб 13161 |
| 856 4# - Електронен адрес и достъп | |
| Електронен формат | pdf - файл |
| Път до файла /url/ | |
| 856 4# - Електронен адрес и достъп | |
| Електронен формат | pdf - файл |
| Път до файла /url/ | |
| 942 ## - АРТИКУЛИ | |
| Вид на библиотечния материал | Книги |
| Скрит в OPAC | Не |
| 944 ## - СЪЗДАВАНЕ И РЕДАКЦИЯ на ЗАПИСА | |
| Създаване/Редакция | Създаване |
| Дата на регистрацията/редакция | 12.04.2012 |
| Статус, дата на статуса | 12.04.2012 - от С1,Р / 12.04.2012 |
| Служител, извършил регистрацията/редакцията | Людмила_Стоянова |
| 944 ## - СЪЗДАВАНЕ И РЕДАКЦИЯ на ЗАПИСА | |
| Създаване/Редакция | Редакция |
| Дата на регистрацията/редакция | 12.04.2012 |
| Статус, дата на статуса | 12.04.2012 - от С1,Р / 12.04.2012 |
| Служител, извършил регистрацията/редакцията | |
| 999 ## - СИСТЕМНИ КОНТРОЛНИ НОМЕРА | |
| Koha biblionumber | 124037 |
| Koha biblioitemnumber | 124037 |
| Код за отписване | Код за изгубен артикул | Източник на класификационната схема | Код за повреда | Коз за рестрикции | Код за отдаване | Артикулен № | Име на библиотеката - собственик | Име на библиотеката, в която се намира в момента | Статус (Текущо местоположение) | Дата на вписване в системата | Местоположение - отдел | Цена в лева | Инвентарен номер | Систематично азбучна сигнатура | Баркод | Номер на екземпляра | Цена в евро | Служебна бележка | Служебен тип на артикула |
|---|---|---|---|---|---|---|---|---|---|---|---|---|---|---|---|---|---|---|---|
| Не е изгубен | Universal Decimal Classification | Не е повреден | без рестрикции | ползва се в читалня | 201034 | Регионална библиотека "Любен Каравелов" Русе | Регионална библиотека "Любен Каравелов" Русе | Хранилище | 1984-01-01 | Хранилище | 11.27 | 420788 | Цб 131613 | 900000015979 | 1 | 5.76 | Вид: Сф Дата: 01.01.1984 | Книги | |
| Изтеглен | Не е изгубен | Universal Decimal Classification | Не е повреден | без рестрикции | заемане за дома | 201035 | Регионална библиотека "Любен Каравелов" Русе | Регионална библиотека "Любен Каравелов" Русе | Заемна - подръчен фонд | 1984-01-01 | Заемна - подръчен фонд | 11.27 | 421609 | П 615/А 87 | 421609 | 2 | 5.76 | Вид: Сф Дата: 01.01.1984 | Книги |
| Изтеглен | Не е изгубен | Universal Decimal Classification | Не е повреден | без рестрикции | заемане за дома | 201036 | Регионална библиотека "Любен Каравелов" Русе | Регионална библиотека "Любен Каравелов" Русе | Заемна - подръчен фонд | 1984-01-01 | Заемна - подръчен фонд | 11.27 | 421611 | П 615/А 87 | 421611 | 3 | 5.76 | Вид: Сф Дата: 01.01.1984 | Книги |